000 00650nam a2200241 i 4500
001 C2-0017568
003 PPAK
005 20190630221944.0
008 970202s1985 enka|||| ||||| | eng d
020 _a0423013106
040 _aPPAK
_beng
_cPPAK
_erda
082 0 4 _a384.8
_223
090 0 0 _a384.8
_bALV
_dG
100 1 _aAlvarado, Manuel,
_eauthor
245 1 0 _aMade for televisyen
_beuston films limited
264 1 _aLondon :
_bMethuen ,
_c1985
300 _axii, 228 pages :
_billustrations ;
_c21 cm
336 _2rdacontent
_atext
337 _2rdamedia
_aunmediated
338 _2rdacarrier
_avolume
700 _eauthor
942 _ddc
_cB
999 _c4080
_d4080